Advances in structure measurements of carbon black (Record no. 53884)

MARC details
000 -LEADER
fixed length control field 00411nam a2200157Ia 4500
100 ## - MAIN ENTRY--AUTHOR NAME
Personal name Joyce George A
245 #0 - TITLE STATEMENT
Title Advances in structure measurements of carbon black
260 ## - PUBLICATION, DISTRIBUTION, ETC. (IMPRINT)
Name of publisher Rubber World
Year of publication 2009
300 ## - PHYSICAL DESCRIPTION
Number of Pages 27-35
650 ## - SUBJECT ADDED ENTRY--TOPICAL TERM
Topical Term Carbon black
650 ## - SUBJECT ADDED ENTRY--TOPICAL TERM
Topical Term Oil adsorption method
700 ## - ADDED ENTRY--PERSONAL NAME
Personal name Henry William M
700 ## - ADDED ENTRY--PERSONAL NAME
Personal name Magee Ricky W
942 ## - ADDED ENTRY ELEMENTS (KOHA)
Koha item type Journals
Holdings
Withdrawn status Lost status Damaged status Not for loan Home library Current library Date acquired Serial Enumeration / chronology Koha item type
      Journals RRII Library RRII Library 23/10/2009 Volume 240, Issue 6 Journals